Movies Quiz

Random Movies or Animation Quiz

One Hint Disney Quiz Stats

 Plays Quiz Updated Mar 29, 2018

Also try: Disney Songs
Challenge
Share
Tweet
Embed
Score 0/24 Timer 05:00
17 Plays Today
Hint Film % Correct
Poisoned AppleSnow White and the Seven Dwarfs
94%
Glass SlipperCinderella
94%
Magic LampAladdin
91.6%
Pixie DustPeter Pan
89.4%
Enchanted RoseBeauty and the Beast
87.3%
Hun InvasionMulan
84.4%
CircusDumbo
81.5%
Perpetual WinterFrozen
77.2%
Elephant GraveyardThe Lion King
76.1%
Spinning WheelSleeping Beauty
73.3%
Sky LanternsTangled
65.4%
DinglehopperThe Little Mermaid
64.3%
Hint Film % Correct
SuperbarkBolt
55.4%
Man-VillageThe Jungle Book
53.6%
The Virginia CompanyPocahontas
53.5%
Festival of FoolsThe Hunchback of Notre Dame
51%
BeignetsThe Princess and the Frog
45.8%
Pleasure IslandPinocchio
38.1%
MicrobotsBig Hero 6
37.3%
Galactic FederationLilo & Stitch
36.8%
Twilight BarkOne Hundred and One Dalmatians
36%
Night HowlersZootopia
28.9%
TwitterpatedBambi
27.2%
LeviathanAtlantis: The Lost Empire
18.6%

You're not logged in!

Compare scores with friends on all Sporcle quizzes.
OR
Log In

You Might Also Like...

Show Comments

Extras

Top Quizzes Today


Score Distribution

Your Account Isn't Verified!

In order to create a playlist on Sporcle, you need to verify the email address you used during registration. Go to your Sporcle Settings to finish the process.

Report this User

Report this user for behavior that violates our Community Guidelines.

Details: